00800nam a2200193Ia 4500001001000000003000500010008004100015010001100056040000900067100003200076245024600108260003500354300001000389502006900399650001700468650004000485650002800525710005300553Para_1381CHAP220125s1999 xx 000 0 und d a200089 cCHAP aVenegas Bustamante, Anselmo aEvaluación de tácticas para el combate de nemátodos agalladores del género Meloydogyne spp. asociados al cultivo de sandía (Citrullus vulgaris Sharad), en la región Mixteca del estado de Puebla /c por Anselmo Venegas Bustamante aChapingo, Méx. :b El autor a90 h. aTesis (M.C. en Proteccion Vegetal), UACh. Depto. Parasitología aMeloidogyne  aNematodos x parásitos de plantas aSandia x enfermedades  aUACh. Departamento de Parasitología Agrícola